000 00384 a2200169 4500
001 184323
020 _a978-85-16-06909-4
040 _cMagnum
100 _aGaldino, Luiz
240 1 0 _aRuth rocha conta a ilíada
_lpor
245 1 0 _aRuth rocha conta a ilíada
300 _a134
362 0 _a2010
440 1 _aSalamandra
697 _aLITERATURA INFANTO-JUVENIL
942 _cBK
999 _c184323
_d184323